| 000 | 005990000a22001810004500 | ||
|---|---|---|---|
| 003 | LK-CoMWRAF | ||
| 005 | 20230908152036.0 | ||
| 008 | 230817t ||||| |||| 00| 0 eng d | ||
| 040 |
_aLK-CoMWRAF _dLK-CoMWRAF _eLK-CoMWRAF |
||
| 041 | _aeng | ||
| 082 |
_a823 _bKAT |
||
| 245 |
_aකතා මුතු : _bතෙවෙනි කොටස |
||
| 260 |
_aකොළඹ : _bඉස්ලාම් සංස්කෘතික මධ්යස්ථානය, |
||
| 300 | _aපි. 108 | ||
| 650 | _aසිංහල ප්රබන්ධ | ||
| 700 |
_aUwais,, Mahmood Muhammad _eed. |
||
| 942 | _cBK | ||
| 999 |
_c2318 _d2318 |
||